| 000 | 01450cam a2200265 4500 | ||
|---|---|---|---|
| 001 | ABS64843 | ||
| 008 | 011122n2001 000 0 eng u | ||
| 035 | _a(Sirsi) u115708 | ||
| 100 | _aNiven, R. | ||
| 245 | _aStudy reveals pollution hits poorer areas most | ||
| 260 | _c2001 | ||
| 490 |
_aPlanning (for the Natural and Built Environment) _v(1443) 9 November 2001, 9(1) |
||
| 520 | _aFriends of the Earth (FoE) have published a report which finds that pollution caused by traffic is worse in deprived areas. FoE warns that transport policies should be revised to address the links between transport and social exclusion. The group is urging local authorities to take on the problem by mapping transport impacts and using local transport plans (LTPs) to draw up policies to help poorer areas. FoE also wants government to make social exlusion a priority, on a national level, when it reviews its ten-year transport plan. The full report "Environmental justice - mapping transport and social exclusion in Bradford" can be viewed at: http://www.foe.co.uk/campaigns/transport/resource/campaigners.html#map | ||
| 590 | _aABS | ||
| 650 | _aFRIENDS OF THE EARTH | ||
| 650 | _aTRANSPORT POLICIES | ||
| 650 | _aSOCIAL EXCLUSION | ||
| 650 | _aDEPRIVED AREAS | ||
| 650 | _aTRAFFIC POLLUTION | ||
| 650 | _aLOCAL AUTHORITIES | ||
| 650 | _aLOCAL TRANSPORT PLANS | ||
| 650 | _aBRADFORD | ||
| 690 | _aTRANSPORT AND COMMUNICATIONS | ||
| 942 | _n0 | ||
| 999 |
_c68919 _d68919 |
||